Music Quiz

Random Music or Bands Quiz

Finish the Lyrics 2 Quiz Stats

 Plays Quiz not verified by Sporcle

Score 0/20 Timer 06:00
0 Plays Today
Hint Missing Word(s) % Correct
But it's just the price I pay, destiny is...Calling me
72.7%
Here we are now...Entertain us
54.5%
I left my body lying somewhere...In the sands of time
40.9%
Back off, i'll...Take you on
36.4%
Even if I say, it'll be alright still I hear you say...You want to end your life
27.3%
Do you know what's worth fighting for when it'sNot worth dying for
27.3%
Graffiti decorations under...A sky of dust
13.6%
I've got to fight today...To live another day
13.6%
I did not mean...To blow your mind
9.1%
There's too many men...Too many people
9.1%
Hint Missing Word(s) % Correct
Who's to know if you're soul will fade at all...The one you sold to fool the world
9.1%
It was love from above that could...Save me from hell
9.1%
I'm just siting in my car and waiting...For my girl
9.1%
Invisible airwaves....Crackle with life
4.5%
I want domination...I want your submission
4.5%
Wind is blowing thru closed doors with shadows...Dancing in the hall
4.5%
I chase the sun...It chases me
4.5%
You come on like a blood stained hurricane, leave me alone...Let me be this time
4.5%
Through the fires of forever...We will fly through the heavens
0%
Burning in my brain...I can feel the flame
0%

You're not logged in!

Compare scores with friends on all Sporcle quizzes.
OR
Log In

Show Comments

Extras

Created Oct 30, 2010ReportNominate
Tags:Bands Quiz, Song Quiz, again, finish

Top Quizzes Today


Score Distribution

Your Account Isn't Verified!

In order to create a playlist on Sporcle, you need to verify the email address you used during registration. Go to your Sporcle Settings to finish the process.

Report this User

Report this user for behavior that violates our Community Guidelines.

Details: